000 00999nam a22002417a 4500
005 20240530110516.0
008 160201s2013 ua ao g 000 0dara d
017 _a2013/4286
_bمصر . دار الكتب المصرية
040 _aEG-CaGPL
082 0 4 _221
_a924.1\
_bح م
245 0 0 _aمن تراث الشيخ محمد عياد الطنطاوى :
_bاول معلم للعربية فى البلاد الروسية /
_cتقديم حسين الشافعى
250 _aط1
260 _aالقاهرة :
_bانباء روسيا ،
_c2013 .
300 _a313 ص :
_bصور ؛
_c24 سم .
600 0 4 _aمحمد عياد الطنطاوى
_vتراجم
650 0 4 _aاللغويون المصريون
_vتراجم
651 0 4 _aروسيا
_xتاريخ
651 0 4 _aروسيا
_xالاحوال الاجتماعية
651 0 4 _aروسيا
_xالاحوال الثقافية
700 0 _aحسين الشافعى
_eمقدم
942 _2ddc
_cBK
999 _c61790
_d61790